| 000 | 00988nam a2200277Ia 4500 | ||
|---|---|---|---|
| 003 | GCL | ||
| 008 | 140319s9999 xx 000 0 ara d | ||
| 020 | _a4304239957 | ||
| 040 |
_aGCL / _cGCL |
||
| 082 | 0 | 4 |
_a909 _bم ح |
| 100 | 1 | _aمصطفى عبدالقادر غنيمات | |
| 245 | 1 | 0 |
_aالحضارة والفكر العالمى / _cمصطفى عبدالقادر غنيمات |
| 250 | _aالاولى | ||
| 260 |
_aالاردن : _bدار عالم الثقافة للنشر والتوزيع ، _c2005 |
||
| 300 |
_a320 ص ؛ _c24 سم |
||
| 650 | 0 | 4 | _aالحضارة |
| 650 | 0 | 4 | _aالحضارة الاسلامية |
| 650 | 0 | 4 | _aالحضارة الرومانية |
| 650 | 0 | 4 | _aالحضارة اليونانية |
| 650 | 0 | 4 | _aالتقدم الاجتماعى |
| 650 | 0 | 4 | _aالتفكير العلمى |
| 650 | 0 | 4 | _aالحضارة - فلسفة |
| 650 | 0 | 4 | _aالحضارة - تاريخ |
| 650 | 0 | 4 | _aالحضارة العربية الاسلامية |
| 942 |
_2ddc _cBK |
||
| 999 |
_c10100 _d10100 |
||